Score 0/20 Timer 05:00
0 Plays Today
Question Answer Wrong Answers
begin cease
95.9%
establish
0.7%
initiate
0.7%
induce
0.7%
big minute
95.7%
hefty
0.5%
colossal
0.5%
capacious
0.8%
loud mum
94.6%
raucous
0.8%
vociferous
0.8%
clamorous
0.7%
new archaic
92.6%
novel
1.5%
contemporary
1.7%
neoteric
1.2%
amazing atrocious
92.5%
prodigious
3.1%
stupendous
1.7%
astonishing
1.4%
help impede
92.1%
avail
2.2%
accommodate
0.7%
succor
2.2%
tall diminutive
91.5%
altitudinous
0.7%
statuesque
0.9%
alpine
1.3%
clean grubby
91.5%
sterile
0.6%
aseptic
2.1%
taintless
0.7%
young geriatric
90.4%
fledgling
1.7%
vernal
2.8%
puerile
1.8%
soft callous
88.7%
pliable
1.3%
supple
1.4%
ductile
3.6%
love enmity
87.7%
regard
2%
affection
3.9%
ardor
6.3%
heavy buoyant
86%
ponderous
5.6%
elephantine
1.1%
stout
2.9%
full destitute
85.4%
surfeit
5.3%
plethoric
2.2%
copious
1.8%
lazy efficacious
85.1%
languid
3.5%
lackadaisical
2.2%
indolent
3.8%
dry sodden
77.4%
arid
3.2%
torrid
12.5%
parched
2.1%
first eventual
75.4%
antecedent
16.3%
primogenial
2.2%
introductory
0.5%
sad blithe
64.2%
dismal
1.9%
somber
2.4%
wistful
31%
cold febrile
37.8%
hyperborean
22.4%
algid
12.9%
hiemal
22.1%
cheap spendthrifty
35.7%
parsimonious
51.9%
economical
4%
miserly
4.5%
dark fulgid
24.1%
aphotic
29.9%
crepuscular
18.9%
caliginous
23.3%

You're not logged in!

Compare scores with friends on all Sporcle quizzes.
OR
Log In

Sporcle TV

Today on Sporcle TV


Watch our educational content, quiz creation guides, and fun videos on Sporcle TV.

Show Comments

Extras

Top Quizzes Today


Score Distribution

Paid Content

Your Account Isn't Verified!

In order to create a playlist on Sporcle, you need to verify the email address you used during registration. Go to your Sporcle Settings to finish the process.

Report this User

Report this user for behavior that violates our Community Guidelines.

Details: